zpět

Detail výsledku týmu

R.A.M., Jablonec nad Nisou

Datum a čas kvízu

10.5 Celkem bodů Celkový počet nahraných bodů na tomto kvízu bez doplňovacích otázek.
18. Pořadí na kvízu Konečné umístění týmu na tomto kvízu.

Zaznamenané odpovědi

# Otázka Odpověď Body Výsledky
1. Pouze jediný československý pr... 0
2. Maďarského premiéra Viktora Or... 0
3. Nehmotné dědictví UNESCO bylo... 0
4. Detroitští fanoušci hokeje se... 0
5. Nejdříve David Limberský, poté... 1
6. Čertů se v kultuře, zeměpisnýc... 0
7. Napište název pohádky z roku 2... 0
8. To čert na koze jel, a táta re... 0
9. Na obrázku vidíme znak pražské... 0
10. "U nás ochutnat znamená ___!"... 0